00792nam a22002057a 450000500170000000800410001701700410005802000180009904000230011708200200014010000420016024500900020225000090029226000920030130000350039350400600042865000370048865000510052565100100057620240530110845.0201006s2020 ua al f b 000 0 ara d a2013/7496bمصر. دار الكتب a9789776441057 aEG-CaGPLcEG-CaGPL04221a669/bم ت0 aمحمد بكير مصطفى بكير10aتكنولوجيا صناعة المعادن /cمحمد بكير مصطفى بكير aط.1 aالقاهرة : bدار الوفاء لدنيا الطباعة و النشر،c2020. a787 ص. :bايض ؛c24 سم. aيشتمل على ارجاعات ببليوجرافية072qrmakaاشغال المعادن072qrmakaالمعادنxصناعة وتجارة 2qrmak